000 00295nam a22001217a 4500
008 260424b |||||||| |||| 00| 0 eng d
082 _a001077
100 _aNarayanachar, K S
245 _aViveka Vaividhya
260 _aHubli
_bSahitya Prakashana
_c2012 2014
300 _a320 345 p
942 _2ddc
999 _c1313
_d1313